| 000 | 00589nam a2200205Ia 4500 | ||
|---|---|---|---|
| 003 | OSt | ||
| 005 | 20230417104344.0 | ||
| 008 | 210423s2007 xx 000 0 und d | ||
| 020 | _a8130904667 | ||
| 040 | _cAL | ||
| 041 | _aeng | ||
| 082 | _a809.935 BLOH | ||
| 100 |
_aBLOOM (Harold),Ed. _989151 |
||
| 245 | _aGeoffrey Chaucers: the pardoners tale. | ||
| 260 |
_aNew Delhi _bViva Books Pvt Ltd _c2007 |
||
| 300 |
_avii,177 _bPB |
||
| 365 |
_b125 _cINR |
||
| 906 | _aChaucers ; Chaucers: ; critical ; Geoffrey ; interpretations ; modern ; pardoners ; tale. ; Viva | ||
| 942 |
_2ddc _cBK |
||
| 999 |
_c159895 _d159895 |
||